000
00280nam a2200121 a 4500
008
101210s1970|||| d
100
1
_a
Blaho, Janko
245
1
0
_a
Záhorácke pesničky 4
260
_b
Panton
_a
Bratislava
_c
1970
020
_c
38
041
_a
slo
044
_a
xo
_c
SK
999
_c
15138
_d
15138